000 00918na a2200301 4500
001 15764
003 MIRAKIL
005 20181213155306.0
008 161001b tu 000 0
020 _a9759687305
035 _a15764
040 _aMilas
_btur
_cTR-AnCHP
041 _atur
082 _a320.531509561
_bI43t [t.y.]
090 _a320.531509561 I43t [t.y.]
100 _aİleri, Hasan
_d1948 -
245 _aTürkiye'de sosyal demokrasi
_b(1908 - 1998)
_cHasan İleri
246 _aSosyal demokrasi
260 _aAnkara
_bYorum basın yayın
_c[t. y.]
300 _a168 s.
_bfotg.
_c20 sm.
650 _aSosyal demokrat partiler
_zTürkiye
650 _aSosyal demokrasi
_xTarih
_y20. yüzyıl
_zTürkiye
650 _aSosyalizm
_zTürkiye
651 _aTürkiye
_xSiyaset ve yönetim
_y20. yüzyıl
657 _aSosyalizm
_zTürkiye
657 _aSosyal demokrasi
_zTürkiye
942 _2dcc
_cBKS
999 _c10075
_d10075